000 00677nam a2200277Ia 4500
005 20260324120954.0
008 008 260324s9999 xx 000 0 eng d
020 _a9780429169199
037 _aEBOOK
040 _aCRL
040 _beng
040 _cCRL
041 _2eng
041 _aeng
084 _qCRL
100 _aDiana Amantea; Giuseppe Micieli
_91160684
245 0 _aRational Basis for Clinical Translation in Stroke Therapy
260 _bTaylor and Francis
260 _c2014
365 _a
365 _b400
856 _uhttp://www.taylorfrancis.com/books/9780429169199
942 _cEBOOK
999 _c1752506
_d1752506